000 01779cam a2200373 a 4500
999 _c27176
_d27176
001 3942176
005 20170207150204.0
008 930519s1993 enkab bc 000 0 eng
010 _a 93020670
020 _a9676530433 :
_c$95.00 U.S.
050 0 0 _aNK4156.6.A1T53 1993
110 2 _aAsian Art Museum of San Francisco.
245 0 0 _aThai ceramics :
_bthe James and Elaine Connell Collection /
_cAsian Art Museum of San Francisco.
260 _aKuala Lumpur ;
_aNew York :
_bOxford University Press,
_c1993.
300 _aviii, 180 p. :
_bill. (some col.), map ;
_c31 cm.
500 _aPublished in conjunction with the 1993 exhibition of the Connell Collection at the Asian Art Museum of San Francisco.
504 _aIncludes bibliographical references (p. 45-49).
600 1 0 _aConnell, John,
_d1909-1965
_xArt collections
_xExhibitions.
600 1 0 _aConnell, Elaine
_xArt collections
_xExhibitions.
610 2 0 _aAsian Art Museum of San Francisco
_xExhibitions.
650 0 _aPottery, Thai
_xExhibitions.
650 0 _aPottery
_xPrivate collections
_zCalifornia
_zSan Francisco
_xExhibitions.
650 0 _aPottery
_zCalifornia
_zSan Francisco
_xExhibitions.
740 0 _aJames and Elaine Connell Collection.
856 4 2 _3Publisher description
_uhttp://www.loc.gov/catdir/enhancements/fy0606/93020670-d.html
942 _2lcc
_cBOOKS